opac header logoIBA Library

No matter where the journeytakes me : (Record no. 706)

MARC details
000 -LEADER
fixed length control field 00534nam a22001817a 4500
003 - CONTROL NUMBER IDENTIFIER
control field BD-DhUIB
005 - DATE AND TIME OF LATEST TRANSACTION
control field 20260518150230.0
008 - FIXED-LENGTH DATA ELEMENTS--GENERAL INFORMATION
fixed length control field 260518b |||||||| |||| 00| 0 eng d
020 ## - INTERNATIONAL STANDARD BOOK NUMBER
International Standard Book Number 9781787381377
040 ## - CATALOGING SOURCE
Original cataloging agency BD-DhUIB
Transcribing agency BD-DhUIB
082 ## - DEWEY DECIMAL CLASSIFICATION NUMBER
Edition number 22
100 ## - MAIN ENTRY--PERSONAL NAME
Personal name Sasakawa, Yohei.
9 (RLIN) 1110
245 ## - TITLE STATEMENT
Title No matter where the journeytakes me :
Remainder of title one mans quest fora leprosy free world/
Statement of responsibility, etc. by Yohei Sasakawa.
260 ## - PUBLICATION, DISTRIBUTION, ETC.
Place of publication, distribution, etc. London.
Name of publisher, distributor, etc. Read Japan project.
Date of publication, distribution, etc. c2019
300 ## - PHYSICAL DESCRIPTION
Extent gx, 228p. :
Other physical details illus. ;
Dimensions 24cm.
526 ## - STUDY PROGRAM INFORMATION NOTE
Program name MBA
942 ## - ADDED ENTRY ELEMENTS (KOHA)
Source of classification or shelving scheme Dewey Decimal Classification
Koha item type Books
Holdings
Withdrawn status Lost status Source of classification or shelving scheme Damaged status Not for loan Collection code Home library Current library Shelving location Date acquired Source of acquisition Total Checkouts Full call number Barcode Date last seen Price effective from Koha item type
    Dewey Decimal Classification     Non-fiction IBA Library IBA Library General Stacks 05/10/2026 Gift.   791.1 00051730 05/18/2026 05/18/2026 Books
Copyright © 2021-2026 | IBA Library
Institute of Business Administration (IBA)
University of Dhaka
Library Home | IBA Home